Normal view
MARC view
- Jenkins, David,
Entry Personal Name
001 - CONTROL NUMBER
- control field: 120805
003 - CONTROL NUMBER IDENTIFIER
- control field: NUST
005 - DATE AND TIME OF LATEST TRANSACTION
- control field: 20240220125045.0
008 - FIXED-LENGTH DATA ELEMENTS
- fixed length control field: 240220|| aca||aabn | a|a d
040 ## - CATALOGING SOURCE
- Original cataloging agency: NUST
- Transcribing agency: NUST
100 ## - HEADING--PERSONAL NAME
- Personal name: Jenkins, David,
- Dates associated with a name: 1957 September 25-
670 ## - SOURCE DATA FOUND
- Source citation: Work cat.: (NUST): Foster, Norman, 1935- author. 32444, Museum of Fine Arts, Boston :, 2013.
